|
|
|
|
| LEADER |
01250nam a2200289 a 4500 |
| 001 |
14454815 |
| 008 |
100703r20102006nyua b 001 0deng d |
| 010 |
|
|
|a 2006049098
|
| 020 |
|
|
|a 9780070583535
|
| 020 |
|
|
|a 0070583536
|
| 020 |
|
|
|a 0071477322 (acid-free paper)
|
| 020 |
|
|
|a 9780071477321 (acid-free paper)
|
| 040 |
|
|
|a DLC
|c DLC
|d BAKER
|d C#P
|d DLC
|d DB-DhAAL
|
| 082 |
0 |
0 |
|a 621.382/16
|2 22
|
| 100 |
1 |
|
|a Kasera, Sumit.
|
| 245 |
1 |
0 |
|a ATM networks :
|b concepts and protocols /
|c Sumit Kasera.
|
| 260 |
|
|
|a New York ;
|a New Delhi :
|b Tata McGraw-Hill,
|c c2006.[reprinted 2010]
|
| 300 |
|
|
|a xxxvi, 466 p. :
|b ill. ;
|c 25 cm.
|
| 490 |
0 |
|
|a Tata McGraw-Hill Professional :Networking Series
|
| 504 |
|
|
|a Includes bibliographical references (p. [449]-458) and index.
|
| 541 |
1 |
|
|e 00020558
|
| 650 |
|
0 |
|a Asynchronous transfer mode.
|
| 650 |
|
0 |
|a Computer networks.
|
| 852 |
4 |
|
|a Ayesha Abed Library
|j General Shelf.
|
| 999 |
|
|
|c 9151
|d 9151
|
| 952 |
|
|
|0 0
|1 0
|2 ddc
|4 0
|6 621_382160000000000_KAS_2010
|7 0
|9 11416
|a BRACUL
|b BRACUL
|c GEN
|d 2010-07-03
|l 0
|o 621.38216 KAS
|p 3010020558
|r 2010-07-03
|t 1
|w 2010-07-03
|y BK
|
| 952 |
|
|
|0 0
|1 0
|2 ddc
|4 0
|6 621_382160000000000_KAS_2010
|7 0
|9 11417
|a BRACUL
|b BRACUL
|c GEN
|d 2010-07-03
|l 0
|o 621.38216 KAS
|p 3010020559
|r 2010-07-03
|t 2
|w 2010-07-03
|y BK
|